00367nam a2200121Ia 45000010005000000080041000050820026000461000063000722450041001352600024001769010028002009990017002284526241024s9999 xx 000 0 und d a[*SIN CLASIFICACION*] aRepública Dominicana. Ministerio de Educación (MINERD) 0aInforme ejecutivo de Jornada escolar bSanto Domingoc2015 a4/11/2016 12:56:35 p.m. c11486d11486